| 000 | 00457nam a22001817a 4500 | ||
|---|---|---|---|
| 003 | MPLRDC | ||
| 005 | 20220104123727.0 | ||
| 008 | 210129b ||||| |||| 00| 0 eng d | ||
| 020 | _a7-5059-0407-8 | ||
| 082 | _a544.5 BEA | ||
| 100 | _aSIMONE DE BEAUVOIR | ||
| 245 |
_a女人是什么 _c王友琴等译 |
||
| 250 | _a一版一刷 | ||
| 260 |
_a _b中国文联出版公司 _c1988 |
||
| 300 | _b平 | ||
| 650 | _a妇女; 女性 | ||
| 942 |
_cBK _o544.5 BEA |
||
| 999 |
_c13712 _d13702 |
||